LEADER 01137nam a2200241 i 4500 001 000000172653 003 CaOOAMICUS 005 20081031000000.0 008 081031s1968 it u000 u ita u 013 $a150096 040 $aSeMil$bita 100 1 $aGianmaria : da Spirano .$0(OLS)http://semarc/name/19034 245 10$aDio lo manḍ tra i poveri :$bvita di San Giuseppe da Leonessa /$cGianmaria Da Spirano. 260 $aLeonessa (Rieti) :$bEdizioni "Leonessa e il suo santo",$cstampa 1968. 300 $a293 p., [1] p. di ritratto ;$c22 cm. 500 $aContiene : Nota bibliografica. - Fondo card. Giovanni Colombo. 600 04$aGiuseppe : da Leonessa .$0(OLS)http://semarc/subject/16643 850 $aSeMil 852 $aSeMil$W1$xVenegono$y1$m3H IV 364$j123507$B123507$CSeMilBibl$Z2$F138190 $81 941 1 $a3 961 $aLascito: Colombo Card. Giovanni 996 $6245$aDio lo manḍ tra i poveri :$bvita di San Giuseppe da Leonessa$9(OLS)http://semarc/title/247291 996 $6260$aLeonessa (Rieti) :$bEdizioni "Leonessa e il suo santo"$9(OLS)http://semarc/publisher/49136 LEADER 01009nam a2200217 i 4500 001 000000112523 003 CaOOAMICUS 005 20031209000000.0 008 031209s2001 it u000 u ita u 013 $a85207 040 $aSeMil$bita 110 2 $aAssociazione storico-culturale "S. Agostino" .$0(OLS)http://semarc/name/15399 245 10$aCassago la sua Chiesa i suoi Parroci :$bStoria di una Comunità /$cAssociazione Storico - Culturale S. Agostino. 260 $aCassago Brianza :$bRus Cassiciacum,$cstampa 2001. 300 $a318 p. . ill. ;$c30 cm. 650 4$aCassago Brianza - Storia religiosa.$0(OLS)http://semarc/subject/20259 850 $aSeMil 852 $aSeMil$W1$xVenegono$y1$m3P VI 99$j68267$B68267$CSeMilBibl$Z2$F88366 $81 961 $aOmaggio: Delpini mons. Mario 996 $6245$aCassago la sua Chiesa i suoi Parroci :$bStoria di una Comunità$9(OLS)http://semarc/title/164075 996 $6260$aCassago Brianza :$bRus Cassiciacum$9(OLS)http://semarc/publisher/45244 LEADER 01379nam a2200277 i 4500 001 000000124413 003 CaOOAMICUS 005 20220729162414.0 006 a 000 u 008 040323s1989 it u000 u ita u 013 $a97110 040 $aSeMil$bita 245 00$a2: La diocesi di Concordia-Pordenone. 264 3$a[Pordenone] :$bComitato per il 16. Centenario della Cattedrale ;$aFiume Veneto :$bGrafiche Editoriali Artistiche Pordenonesi,$c1989. 300 $a510 p. :$bill. ;$c29 cm 541 $aFondo card. Carlo Maria Martini (5M VII 48) 773 0 $tChiesa Concordiese, 389-1989.$d[Pordenone] : Comitato per il 16. Centenario della Cattedrale ; Fiume Veneto : Grafiche Editoriali Artistiche Pordenonesi, 1989.$g2$w()11239 850 $aSeMil 852 $aSeMil$W1$xVenegono$y1$m5M VII 48$j78997$B78997$CSeMilBibl$Z2$F81180 $81 852 $aSeMil$W1$xVenegono$y1$m1056 1 2 *$j89174$B89174$CSeMilBibl$Z2$F93921 $81 941 1 $a4 961 $aFondo card. Carlo Maria Martini 996 $6245$a2: La diocesi di Concordia-Pordenone$9(OLS)http://semarc/title/183097 996 $6264$a[Pordenone] :$bComitato per il 16. Centenario della Cattedrale$9(OLS)http://semarc/publisher/33095 996 $6264$aFiume Veneto :$bGrafiche Editoriali Artistiche Pordenonesi$9(OLS)http://semarc/publisher/33096